Guns & butter : (Record no. 14103)
[ view plain ]
| 000 -LEADER | |
|---|---|
| fixed length control field | 00616nam a2200193 a 4500 |
| 001 - CONTROL NUMBER | |
| control field | ASIN8130904233 |
| 005 - DATE AND TIME OF LATEST TRANSACTION | |
| control field | 20170105102847.0 |
| 008 - FIXED-LENGTH DATA ELEMENTS--GENERAL INFORMATION | |
| fixed length control field | 130816s2007 xxu eng d |
| 020 ## - INTERNATIONAL STANDARD BOOK NUMBER | |
| International Standard Book Number | 8130904233 (paperback) |
| 020 ## - INTERNATIONAL STANDARD BOOK NUMBER | |
| International Standard Book Number | 9788130904238 (paperback) |
| 040 ## - CATALOGING SOURCE | |
| Original cataloging agency | 0 |
| 082 ## - DEWEY DECIMAL CLASSIFICATION NUMBER | |
| Classification number | 355.033 |
| 100 1# - MAIN ENTRY--PERSONAL NAME | |
| Personal name | Dombrowski, Peter. |
| 245 10 - TITLE STATEMENT | |
| Title | Guns & butter : |
| Remainder of title | the political economy of international security / |
| Statement of responsibility, etc. | Peter Dombrowski. |
| 260 ## - PUBLICATION, DISTRIBUTION, ETC. | |
| Place of publication, distribution, etc. | [S.l.] : |
| Name of publisher, distributor, etc. | Viva Books, |
| Date of publication, distribution, etc. | 2007. |
| 300 ## - PHYSICAL DESCRIPTION | |
| Extent | 1 v. (unpaged) |
| 856 40 - ELECTRONIC LOCATION AND ACCESS | |
| Materials specified | Amazon.com |
| Uniform Resource Identifier | <a href="http://www.amazon.com/exec/obidos/ASIN/8130904233/chopaconline-20">http://www.amazon.com/exec/obidos/ASIN/8130904233/chopaconline-20</a> |
| 942 ## - ADDED ENTRY ELEMENTS (KOHA) | |
| Source of classification or shelving scheme | |
| Koha item type | Book |
| Withdrawn status | Lost status | Damaged status | Not for loan | Collection code | Permanent Location | Current Location | Date acquired | Total Checkouts | Full call number | Barcode | Date last seen | Price effective from | Koha item type | Shelving location | Copy number |
|---|---|---|---|---|---|---|---|---|---|---|---|---|---|---|---|
| Centre for International Peace & Stability (CIPS) | Centre for International Peace & Stability (CIPS) | 08/16/2013 | 355.033 GUN 2007 | CIPS0000057 | 08/16/2013 | 08/16/2013 | Book | ||||||||
| Centre for International Peace & Stability (CIPS) | Centre for International Peace & Stability (CIPS) | 10/01/2013 | 355.033 GUN 2007 | CIPS0001289 | 10/24/2013 | 10/24/2013 | Book | General Stacks | 02 |
